Missing Word: Movie Title Universe Quiz Stats

 Plays Quiz Updated Jul 8, 2014

Support Sporcle.
Go Orange.
Score 0/16 Timer 04:00
0 Plays Today
Movie Missing Word % Correct
The Day the ____ Stood StillEarth
97.9%
____ of the ApesPlanet
97.4%
Man on the ____Moon
93.6%
____ WarsStar
92.6%
____ Attacks!Mars
89.3%
Empire of the ____Sun
88%
____ QuestGalaxy
64.5%
The Adventures of ____ NashPluto
63.2%
Movie Missing Word % Correct
The Road to El ____Dorado
59.6%
The ____ StrainAndromeda
55.3%
____ RisingMercury
54.9%
Cloud ____Atlas
51.5%
Delta of ____Venus
46.7%
____ 3Saturn
42%
Flight of the ____Phoenix
34.3%
The ____ ManMeteor
14.2%

Today's Daily Dose

Missing Word
'80s Musicals

Word Ladder
Hereditary

Get the Picture
Food Names

From the Vault

Anthony Hopkins Movies

by Ben

Movies 11m
Well, Clarice - have the lambs stopped screaming?
Remove Ads.
Support Sporcle.
Get the best of Sporcle when you Go Orange. This ad-free experience offers more features, more stats, and more fun while also helping to support Sporcle. Thank you for becoming a member.

Show Comments

Extras

Top Quizzes Today


Score Distribution

Your Account Isn't Verified!

In order to create a playlist on Sporcle, you need to verify the email address you used during registration. Go to your Sporcle Settings to finish the process.

Report this User

Report this user for behavior that violates our Community Guidelines.

Details: